[Event "FRA-ch Youth 2017"]
[Site "Belfort"]
[Date "2017.04.19"]
[Round "5"]
[White "Kambrath, Yannick"]
[Black "Viennot, Dylan"]
[Result "1/2-1/2"]
[WhiteElo "2341"]
[BlackElo "2263"]
[Annotator "NA"]
[PlyCount "65"]
[EventDate "2017.??.??"]
[EventCountry "FRA"]
[SourceTitle "playchess.com"]
[Source "ChessBase"]
[SourceQuality "1"]
[TimeControl "40/5400+30:1800+30"]

1. d4 {[%emt 0:00:00]} Nf6 {[%emt 0:00:09]} 2. c4 {[%emt 0:00:00]} e6 {[%emt 0:00:17]} 3. Nf3 {[%emt 0:00:02]} d5 {[%emt 0:00:17]} 4. g3 {[%emt 0:00:12]} Be7 {[%emt 0:00:13]} 5. Bg2 {[%emt 0:00:10]} O-O {[%emt 0:00:08]} 6. O-O {[%emt 0:00:04]} c6 {[%emt 0:00:04]} 7. Qc2 {[%emt 0:00:17]} Nbd7 {[%emt 0:00:17]} 8. Nbd2 {[%emt 0:00:25]} b6 {[%emt 0:00:12]} 9. e4 {[%emt 0:00:27]} Bb7 {[%emt 0:00:36]} 10. Re1 {[%emt 0:00:59]} Rc8 {[%emt 0:01:26]} 11. e5 {[%emt 0:00:27]} Ne8 {[%emt 0:00:09]} 12. cxd5 {[%emt 0:00:35]} cxd5 {[%emt 0:00:26]} 13. Qa4 {[%emt 0:00:36]} a5 {[%emt 0:00:09]} 14. Nf1 {[%emt 0:09:21]} Ba6 {[%emt 0:01:01]} 15. h4 {[%emt 0:01:25]} Nc7 {[%emt 0:01:06]} 16. Bg5 {[%emt 0:02:46]} Bb5 {[%emt 0:02:00]} 17. Qd1 {[%emt 0:01:39]} Na6 {[%emt 0:09:02]} 18. a3 {[%emt 0:06:08]} Bxg5 {[%emt 0:06:14]} 19. hxg5 {[%emt 0:00:11]} Qe7 {[%emt 0:03:11]} 20. Ne3 {[%emt 0:18:06]} Rc7 {[%emt 0:02:58]} 21. Kh2 {[%emt 0:02:38]} Rfc8 {[%emt 0:02:57]} 22. Rh1 {[%emt 0:01:47]} Nf8 {[%emt 0:02:20]} 23. Kg1 {[%emt 0:02:34]} Qd7 {[%emt 0:05:53]} 24. a4 {[%emt 0:27:23]} Bc6 {[%emt 0:02:39]} 25. Ng4 {[%emt 0:01:21]} Bb7 {[%emt 0:03:45]} 26. Ne1 {[%emt 0:01:39]} Nb4 {[%emt 0:05:07]} 27. Nf6+ {[%emt 0:12:12]} gxf6 28. gxf6 {[%emt 0:00:04]} Ng6 {[%emt 0:01:07]} 29. Qh5 {[%emt 0:00:50]} Kf8 {[%emt 0:00:33]} 30. Qxh7 {[%emt 0:00:29]} Ke8 {[%emt 0:00:11]} 31. Qg8+ {[%emt 0:00:16]} Nf8 {[%emt 0:00:13]} 32. Rh8 {[%emt 0:00:16]} Qd8 {[%emt 0:00:20]} 33. Qxf8+ 1/2-1/2

[Event "FRA-ch Youth 2017"]
[Site "Belfort"]
[Date "2017.04.19"]
[Round "5"]
[White "Flick, Antoine"]
[Black "Seignat, Florian"]
[Result "1-0"]
[WhiteElo "2327"]
[BlackElo "2049"]
[Annotator "ChessBase"]
[PlyCount "77"]
[EventDate "2017.??.??"]
[EventCountry "FRA"]
[SourceTitle "playchess.com"]
[Source "ChessBase"]
[SourceQuality "1"]
[TimeControl "40/5400+30:1800+30"]

1. d4 {[%emt 0:00:00]} d5 {[%emt 0:04:55]} 2. Bf4 {[%emt 0:00:00]} Nf6 {[%emt 0:00:29]} 3. e3 {[%emt 0:00:00]} c5 {[%emt 0:01:14]} 4. c3 {[%emt 0:00:18]} Nc6 {[%emt 0:00:13]} 5. Nf3 {[%emt 0:00:50]} Bf5 {[%emt 0:00:58]} 6. Nbd2 {[%emt 0:04:40]} Qb6 {[%emt 0:00:24]} 7. Qb3 {[%emt 0:00:20]} c4 {[%emt 0:00:09]} 8. Qxb6 {[%emt 0:00:09]} axb6 {[%emt 0:00:04]} 9. a3 {[%emt 0:01:27]} h6 {[%emt 0:00:17]} 10. h3 {[%emt 0:00:11]} e6 {[%emt 0:00:12]} 11. Be2 {[%emt 0:08:56]} Be7 {[%emt 0:01:45]} 12. Ne5 {[%emt 0:00:27]} Nxe5 {[%emt 0:03:10]} 13. Bxe5 {[%emt 0:00:08]} O-O {[%emt 0:00:11]} 14. Bxf6 {[%emt 0:00:06]} Bxf6 {[%emt 0:00:26]} 15. f4 {[%emt 0:00:06]} b5 {[%emt 0:02:37]} 16. O-O {[%emt 0:01:41]} Be7 {[%emt 0:07:28]} 17. Bf3 {[%emt 0:07:04]} Bd3 {[%emt 0:05:11]} 18. Rfc1 {[%emt 0:01:50]} g5 {[%emt 0:04:45]} 19. Kf2 {[%emt 0:07:46]} Kg7 {[%emt 0:08:19]} 20. Be2 {[%emt 0:02:55]} Be4 {[%emt 0:04:37]} 21. Nxe4 {[%emt 0:06:49]} dxe4 {[%emt 0:00:08]} 22. g3 {[%emt 0:00:28]} f5 {[%emt 0:01:48]} 23. Rg1 {[%emt 0:10:57]} Rh8 {[%emt 0:06:04]} 24. a4 {[%emt 0:02:31]} bxa4 {[%emt 0:05:02]} 25. Bxc4 {[%emt 0:01:09]} Kf6 {[%emt 0:00:43]} 26. Bb5 {[%emt 0:05:06]} Ra5 {[%emt 0:00:47]} 27. c4 {[%emt 0:07:12]} a3 {[%emt 0:05:53]} 28. Ra2 {[%emt 0:04:35]} Rc8 {[%emt 0:10:50]} 29. bxa3 {[%emt 0:00:32]} Rxa3 {[%emt 0:01:23]} 30. Rxa3 {[%emt 0:00:13]} Bxa3 {[%emt 0:00:06]} 31. Ra1 {[%emt 0:01:32]} Bb4 {[%emt 0:02:32]} 32. Ra4 {[%emt 0:02:27]} Bc3 {[%emt 0:04:07]} 33. c5 {[%emt 0:01:58]} gxf4 {[%emt 0:01:02]} 34. gxf4 {[%emt 0:00:22]} Rg8 {[%emt 0:01:10]} 35. Ra7 {[%emt 0:03:06]} Rg7 {[%emt 0:01:01]} 36. Ra3 {[%emt 0:00:25]} Bb4 {[%emt 0:00:28]} 37. Ra4 {[%emt 0:00:07]} Bc3 {[%emt 0:00:20]} 38. Ra3 {[%emt 0:00:05]} Bb4 {[%emt 0:00:17]} 39. Ra4 {[%emt 0:00:06]} 1-0

[Event "FRA-ch Youth 2017"]
[Site "Belfort"]
[Date "2017.04.19"]
[Round "5"]
[White "Laurent-Paoli, Pierre"]
[Black "Mohammad, Fahim"]
[Result "1/2-1/2"]
[WhiteElo "2298"]
[BlackElo "2281"]
[Annotator "NA"]
[PlyCount "124"]
[EventDate "2017.??.??"]
[EventCountry "FRA"]
[SourceTitle "playchess.com"]
[Source "ChessBase"]
[SourceQuality "1"]
[TimeControl "5400+30"]

{[%evp 19,123,-16,-4,-23,8,-11,0,-3,43,54,44,32767,32767,5,0,11,32767,0,0,6,37,0,32767,32767,32767,32767,32767,-18,32767,-16,32767,99,32767,32767,193,32767,32767,32767,211,239,32767,32767,32767,32767,413,383,498,99,128,101,118,47,43,49,52,40,53,32767,32767,56,47,0,6,32767,32767,32767,0,0,32767,32767,0,0,0,0,0,32767,0,-1,32767,0,0,32767,32767,-296,32767,-8,-19,-8,32767,-8,-8,-8,32767,-8,-8,32767,-8,-8,-8,-8,-8,-8,32767,-8,0,-8]} 1. c4 {[%emt 0:00:00]} e6 {[%emt 0:00:26]} 2. Nf3 {[%emt 0:00:18]} d5 {[%emt 0:00:05]} 3. b3 {[%emt 0:00:41]} d4 {[%emt 0:08:11]} 4. e3 {[%emt 0:03:55] A13: English Opening: 1...e6} (4. g3 c5 5. Bg2 Nc6 6. O-O Nf6 7. e3 Be7 8. exd4 cxd4 9. d3 O-O 10. Re1 Ne8 11. a3 a5 12. Nbd2 f6 13. Rb1 e5 14. Nh4 Nc7 15. Qh5 Qe8 16. Qxe8 Rxe8 {½-½ (132) Topalov,V (2761)-Nakamura,H (2787) Leuven 2016}) 4... c5 {[%emt 0:02:10]} 5. g3 {[%emt 0:03:27]} Nc6 {[%emt 0:01:03]} 6. exd4 {[%emt 0:00:08]} cxd4 {[%emt 0:00:50]} 7. Bg2 {[%emt 0:00:37]} Bd6 {[%emt 0:02:17]} 8. O-O {[%emt 0:01:51]} Nge7 {[%emt 0:00:56]} 9. d3 {[%emt 0:00:55]} e5 {[%emt 0:01:45]} 10. Na3 {[%emt 0:08:35]} f6 $146 {[%emt 0:05:12]} (10... O-O 11. Nc2 b6 {0-1 (45) Ravi,L (2402)-Shetty,R (2308) Mumbai 1999}) 11. Nc2 {[%emt 0:02:58]} a6 {[%emt 0:07:43]} 12. Nd2 {[%emt 0:08:46]} O-O {[%emt 0:08:33]} 13. Ne4 {[%emt 0:13:55]} Bf5 {[%emt 0:03:05]} 14. f4 {[%emt 0:08:48]} Bxe4 {[%emt 0:09:43]} 15. Bxe4 {[%emt 0:03:01]} exf4 {[%emt 0:00:11]} 16. gxf4 {[%emt 0:04:21]} f5 {[%emt 0:01:15]} 17. Bg2 {[%emt 0:04:53]} Qc7 {[%emt 0:02:53]} 18. b4 {[%emt 0:05:08]} Ng6 {[%emt 0:06:54]} 19. Qd2 {[%emt 0:00:34]} Rad8 {[%emt 0:03:11]} 20. Rb1 {[%emt 0:03:36]} Nh4 {[%emt 0:09:29]} 21. Bd5+ {[%emt 0:01:04]} Kh8 {[%emt 0:00:01]} 22. Qf2 {[%emt 0:01:01]} Be7 {[%emt 0:01:55]} 23. Nxd4 {[%emt 0:04:15]} (23. b5 $14 axb5 24. Rxb5) 23... Nxd4 {[%emt 0:00:51]} 24. Qxd4 {[%emt 0:00:08]} Rf6 {[%emt 0:01:13]} 25. Bb2 {[%emt 0:04:10]} Rg6+ {[%emt 0:07:20]} 26. Kh1 {[%emt 0:00:06]} Bxb4 {[%emt 0:00:18]} (26... b6 $16 {might work better.}) 27. Qf2 {[%emt 0:00:48]} Rxd5 {[%emt 0:08:22]} 28. cxd5 {[%emt 0:04:43]} Qa5 {[%emt 0:00:10]} (28... Qf7 $16 29. Qd4 h6) 29. Qd4 {[%emt 0:00:15]} h6 {[%emt 0:00:36]} 30. Rbc1 {[%emt 0:03:11]} Be7 {[%emt 0:00:51]} 31. Rf2 {[%emt 0:05:35]} Bf6 $2 {[%emt 0:03:06]} ({Better is} 31... Kh7 $14) 32. Qc5 {[%emt 0:01:26]} Qa4 {[%emt 0:02:02]} 33. Bxf6 $2 {[%emt 0:00:35]} (33. Be5 $18 {is more deadly.}) 33... Rxf6 34. d6 {[%emt 0:01:23]} Kh7 {[%emt 0:00:11]} 35. Rg1 {[%emt 0:00:39]} Qd7 {[%emt 0:00:51]} 36. Qc7 {[%emt 0:00:49]} Rxd6 {[%emt 0:00:01]} 37. Qxd7 {[%emt 0:00:17]} Rxd7 {[%emt 0:00:01]} 38. Rd1 {[%emt 0:00:31]} Rd4 {[%emt 0:00:05]} 39. Rc2 {[%emt 0:00:30]} b5 {[%emt 0:01:25]} ({Wrong is} 39... Rxf4 $2 40. d4 $18) 40. Rf2 {[%emt 0:01:30]} (40. a4 $14) 40... Kg6 {[%emt 0:00:22]} 41. Kg1 {[%emt 0:00:11]} Kf6 {[%emt 0:00:17]} 42. Rc2 {[%emt 0:00:42]} Rxf4 {[%emt 0:00:24]} 43. Rc6+ {[%emt 0:00:17]} Ke5 {[%emt 0:00:03]} 44. Rxa6 {[%emt 0:00:27]} Rb4 {[%emt 0:00:28]} 45. Ra3 {[%emt 0:00:56]} Rb2 {[%emt 0:00:45]} 46. d4+ {[%emt 0:00:18]} Kd5 {[%emt 0:01:55]} 47. Rb3 {[%emt 0:00:31]} Rxb3 {[%emt 0:00:18]} 48. axb3 {[%emt 0:00:02]} f4 {[%emt 0:00:14]} 49. Kf2 {[%emt 0:00:14]} Nf5 {[%emt 0:00:09]} 50. Kf3 {[%emt 0:00:41]} g5 {[%emt 0:00:04]} 51. Rd2 $2 {[%emt 0:01:14]} (51. b4 $11) 51... b4 {[%emt 0:00:17]} 52. Kg4 {[%emt 0:00:26]} Nxd4 {[%emt 0:00:10]} 53. h4 $1 {[%emt 0:00:03]} Ke4 {[%emt 0:00:16]} 54. hxg5 {[%emt 0:00:13]} hxg5 {[%emt 0:00:01]} 55. Rd1 {[%emt 0:00:21]} Ke3 {[%emt 0:03:05]} 56. Re1+ {[%emt 0:00:10]} Kd2 $11 {[%emt 0:00:27]} (56... Ne2 $5 57. Kxg5 $2 f3 $19 58. Kg4 f2 $19) 57. Re5 {[%emt 0:00:42]} f3 {[%emt 0:01:30]} 58. Kg3 {[%emt 0:00:03]} Kc3 {[%emt 0:00:39]} 59. Rxg5 {[%emt 0:01:15]} Kxb3 {[%emt 0:00:02]} 60. Rc5 {[%emt 0:00:35]} Ne6 {[%emt 0:02:40]} 61. Rb5 {[%emt 0:00:17]} Nd4 $11 {[%emt 0:00:02]} 62. Rc5 {[%emt 0:00:04]} Ne6 {[%emt 0:00:45]} 1/2-1/2

[Event "FRA-ch Youth 2017"]
[Site "Belfort"]
[Date "2017.04.19"]
[Round "5"]
[White "Eugene, Floryan"]
[Black "Philippe, Guillaume"]
[Result "0-1"]
[WhiteElo "2271"]
[BlackElo "2307"]
[Annotator "NA"]
[PlyCount "96"]
[EventDate "2017.??.??"]
[EventCountry "FRA"]
[SourceTitle "playchess.com"]
[Source "ChessBase"]
[SourceQuality "1"]

{[%evp 17,96,-13,-13,-5,-4,-17,-12,-16,-15,-60,-72,-108,-108,-102,-99,-91,-100,-69,-63,-78,-46,-57,-46,-44,-33,-35,-34,-40,-39,-119,-70,-70,-89,-74,-42,-108,-67,-80,-66,-153,-135,-132,-104,-104,-104,-104,-104,-104,-104,-104,-104,-105,-104,-106,-107,-145,-132,-152,-138,-165,-165,-165,-169,-165,-171,-195,-189,-212,-218,-225,-206,-300,-258,-254,-198,-1343,-1233,-29990,-29991,-29991,-5214]} 1. d4 d5 2. Nf3 Nf6 3. c4 c6 4. Nc3 a6 5. c5 Bf5 6. Bf4 Nbd7 7. e3 Nh5 {D15: Slav Defence: 4 Nc3 a6 and gambit lines after 4 Nc3 dxc4} 8. Bd3 Nxf4 (8... Bxd3 9. Qxd3 Nxf4 10. exf4 g6 11. O-O-O Bg7 12. Kb1 b6 13. cxb6 Qxb6 14. Ne5 Nxe5 15. fxe5 {½-½ (40) Moiseenko,A (2707)-Movsesian,S (2672) Dubai 2014}) 9. exf4 Bg4 {LiveBook: 6 Games. The position is equal.} 10. O-O g6 11. Be2 $146 (11. h3 Bxf3 12. Qxf3 Bg7 13. Ne2 e6 14. Rad1 b6 15. b4 {½-½ (36) Cebalo,M (2509)-Stajner,S (2278) Nova Gorica 2009}) 11... Bxf3 12. Bxf3 (12. gxf3 $2 Qc7 13. Qb3 Bh6 $19) 12... Bg7 13. b4 a5 14. Rb1 axb4 15. Rxb4 Nxc5 $1 16. dxc5 Bxc3 17. Rxb7 Qa5 18. Qb3 O-O 19. Qb6 e6 20. Qxc6 Rac8 {[%cal Ba8c8,Bc8c5,Bc5a5][%mdl 32]} 21. Qd7 Rxc5 22. Bg4 {And now Bxe6! would win.} Qa6 23. Qe7 (23. g3 $15) 23... Ra5 24. f5 exf5 25. Bf3 d4 26. Qc7 (26. Rfb1 $15 Qe6 27. Qxe6 fxe6 28. Be2) 26... Qe6 ({Reject} 26... Rxa2 $6 27. Bd5 Kg7 28. Bxa2 (28. Bxf7 Qxb7 29. Qxb7 Rxf7 $11) 28... Qxa2 29. Qe5+ Kh6 30. Re7 $11) 27. Bd1 Rc8 (27... Qxa2 $2 28. Bb3 $18) 28. Qf4 (28. Qd7 $15) 28... Qc6 29. Re7 Kf8 30. Qh4 Qd6 31. Rb7 Kg7 ({Don't capture} 31... Rxa2 $2 32. Qxh7 Rc7 33. Rb8+ Ke7 34. Bb3 $18) 32. Bb3 Rc7 $36 {[%mdl 2048] Black is in control.} 33. Rxc7 Qxc7 34. Qh3 Re5 35. Qd3 Qe7 36. g3 h5 37. Kg2 {[#]} f4 $1 {[%mdl 512]} 38. Qf3 (38. gxf4 Rf5) 38... fxg3 39. hxg3 Rf5 40. Qd3 Qb7+ 41. Kh2 {[#]} h4 $1 {[%mdl 512]} 42. f4 (42. gxh4 Rf3) 42... hxg3+ 43. Kxg3 Qb8 {White must now prevent ...Rg5+.} 44. Qe4 (44. Kg2 {was necessary.}) 44... Qd6 45. Rf2 Qb4 {aiming for ...Be1.} 46. Rh2 $2 (46. Kg2) 46... Bd2 $19 47. Rh1 Bxf4+ 48. Kg4 Be5 (48... Rg5+ $142 49. Kf3 Qd2 50. Rh7+ Kxh7 51. Qe2 Rg3+ 52. Ke4 Qxe2+ 53. Kxd4 Qb5 54. Bd5 Rd3+ 55. Ke4 Qxd5+ 56. Kxf4 Qf5#) 0-1

[Event "FRA-ch Youth 2017"]
[Site "Belfort"]
[Date "2017.04.19"]
[Round "5"]
[White "Tahay, Alexis"]
[Black "Lamard, Guillaume"]
[Result "1-0"]
[WhiteElo "2239"]
[BlackElo "2307"]
[Annotator "NA"]
[PlyCount "84"]
[EventDate "2017.??.??"]
[EventCountry "FRA"]
[SourceTitle "playchess.com"]
[Source "ChessBase"]
[SourceQuality "1"]
[TimeControl "5400+30"]

{[%evp 9,81,41,33,32767,32767,32767,32767,32767,27,32,39,32767,32767,32767,32767,32767,32767,32767,32767,43,37,15,29,16,36,39,91,95,120,41,95,-17,-8,-17,0,0,32767,33,31,45,47,31,32767,138,147,141,167,145,222,209,223,239,285,215,32767,202,32767,289,248,32767,32767,32767,32767,32767,32767,32767,32767,32767,708,911,841,497,580,618]} 1. e4 e5 2. Nf3 Nc6 3. Bb5 a6 4. Ba4 Nf6 5. O-O Be7 6. Re1 b5 7. Bb3 d6 8. c3 O-O 9. h3 Nb8 10. d4 Nbd7 11. Nbd2 Bb7 12. Bc2 Re8 13. a4 Bf8 14. Bd3 c6 15. Qc2 {C95: Closed Ruy Lopez: Breyer Variation with 10 d4} Rc8 16. axb5 {LiveBook: 8 Games} cxb5 $146 (16... axb5 17. b4 c5 18. bxc5 exd4 19. c6 dxc3 20. cxb7 cxd2 21. Qxd2 Rb8 22. Bxb5 Qb6 {0-1 (38) Karjakin,S (2762)-Svidler,P (2727) Baku 2015}) 17. d5 Nh5 18. Nb3 Nf4 19. Na5 ({White should play} 19. Bf1 $16) 19... Ba8 {[#]} (19... Nxd3 $11 {remains equal.} 20. Qxd3 Nc5) 20. g3 ({Better is} 20. Bf1 $1 $16) 20... Nxd3 ({Not} 20... Nxh3+ $2 21. Kg2 $18) 21. Qxd3 f5 22. exf5 Nc5 23. Qd1 $1 Qd7 24. g4 $1 Qf7 25. Nc6 Rxc6 26. dxc6 Bxc6 27. Be3 Qb7 28. Nh4 Ne4 {[#]} 29. g5 $1 d5 {[#]} 30. Qh5 $1 Rd8 (30... b4 {was worth a try.} 31. f3 Nd6) 31. Rad1 ({Weaker is} 31. g6 h6 $16) 31... b4 {[#]} 32. f3 $1 Nd6 33. g6 h6 34. Bxh6 Ne8 35. Bg5 Nf6 36. Bxf6 gxf6 37. f4 Qa7+ 38. Kh2 d4 39. fxe5 d3 40. Rd2 bxc3 $18 41. bxc3 Bg7 42. Qh7+ Kf8 1-0

[Event "FRA-ch Youth 2017"]
[Site "Belfort"]
[Date "2017.04.19"]
[Round "5"]
[White "Cohen Revivo, Shoham"]
[Black "David, Bogdan-Emanuel"]
[Result "1/2-1/2"]
[WhiteElo "2221"]
[BlackElo "2099"]
[Annotator "NA"]
[PlyCount "85"]
[EventDate "2017.??.??"]
[EventCountry "FRA"]
[SourceTitle "playchess.com"]
[Source "ChessBase"]
[SourceQuality "1"]
[TimeControl "40/5400+30:1800+30"]

{[%evp 9,84,1,0,0,3,0,-11,-15,-13,-15,-1,-15,0,0,0,-26,0,-22,6,6,40,48,78,32767,32767,32767,32767,89,107,84,133,122,138,124,124,113,136,116,127,142,141,143,124,32767,150,120,32767,32767,200,32767,32767,32767,238,264,32767,32767,265,325,401,32767,32767,83,94,45,32767,32767,32767,32767,32767,32767,0,0,185,32767,242,5,38]} 1. e4 {[%emt 0:00:00]} c5 {[%emt 0:00:04]} 2. Nf3 {[%emt 0:00:00]} e6 {[%emt 0:00:06]} 3. g3 {[%emt 0:00:19]} Nc6 {[%emt 0:00:13]} 4. Bg2 {[%emt 0:00:19]} Nf6 {[%emt 0:00:19]} 5. Qe2 {[%emt 0:00:27] B40: Sicilian: 2...e6, Unusual lines} e5 {[%emt 0:00:15]} 6. O-O {[%emt 0:01:49]} Be7 {[%emt 0:01:23]} 7. Nc3 {[%emt 0:15:08]} (7. c3 O-O 8. d3 Re8 9. a4 Bf8 10. Na3 d5 11. exd5 Nxd5 12. Nc4 f6 {0-1 (58) Andriasian,Z (2621)-Ponomariov,R (2709) Tallinn 2016}) 7... d6 {[%emt 0:02:35] LiveBook: 3 Games} 8. h3 {[%emt 0:01:37]} O-O {[%emt 0:03:48]} 9. d3 {[%emt 0:03:30]} h6 {[%emt 0:03:25]} 10. Nh2 $146 {[%emt 0:09:28]} (10. a3 Be6 11. Kh2 Rc8 12. Bd2 Re8 13. Rae1 Bf8 14. Qd1 g6 {0-1 (33) Guion,G (1916)-Kveinys,A (2491) Charleroi 2015}) 10... Nd4 {[%emt 0:05:15]} 11. Qd1 {[%emt 0:00:49]} Bd7 {[%emt 0:03:33]} 12. f4 {[%emt 0:03:15]} exf4 {[%emt 0:02:52]} 13. Bxf4 {[%emt 0:05:21]} Qc8 {[%emt 0:11:37]} 14. g4 {[%emt 0:00:55]} Ne6 {[%emt 0:00:09]} 15. Bg3 {[%emt 0:04:08]} Bc6 {[%emt 0:11:15]} 16. Nd5 {[%emt 0:03:28]} Bxd5 {[%emt 0:00:16]} 17. exd5 {[%emt 0:00:06]} Nc7 {[%emt 0:00:28]} 18. c4 {[%emt 0:00:14]} Qd8 {[%emt 0:04:28]} 19. Nf3 {[%emt 0:04:15]} Nd7 {[%emt 0:03:57]} 20. Qe2 {[%emt 0:03:18]} Ne8 {[%emt 0:13:43]} 21. Rae1 {[%emt 0:16:46]} Bf6 {[%emt 0:00:07]} 22. h4 {[%emt 0:03:56]} Ne5 {[%emt 0:05:10]} 23. Nxe5 {[%emt 0:02:17]} Bxe5 {[%emt 0:01:27]} 24. Bxe5 {[%emt 0:02:00]} dxe5 {[%emt 0:00:01]} 25. Qf2 {[%emt 0:01:09]} ({Don't do} 25. Qxe5 $6 Qxh4 26. Qh5 Qg3 $14) 25... Qe7 {[%emt 0:10:47]} 26. Qg3 {[%emt 0:01:18]} f6 {[%emt 0:02:22]} 27. g5 {[%emt 0:02:15]} Kh8 {[%emt 0:05:12]} 28. Qe3 {[%emt 0:04:06]} Rd8 {[%emt 0:03:18]} 29. gxf6 {[%emt 0:04:00]} Rxf6 {[%emt 0:01:15]} 30. Rxf6 {[%emt 0:01:50]} Qxf6 {[%emt 0:02:17]} (30... Nxf6 $142 31. Qxe5 Qd7) 31. Qxc5 {[%emt 0:00:35]} ({Don't do} 31. Qxe5 $6 Qxh4 32. Qe7 Qd4+ 33. Kh1 Qf6 $18) 31... Nd6 {[%emt 0:03:04]} 32. Qf2 {[%emt 0:01:09]} Nf5 {[%emt 0:01:00]} 33. Rf1 {[%emt 0:01:58]} ({Not} 33. Qxa7 Nd4 $14) 33... Rf8 {[%emt 0:00:05]} 34. Bh3 {[%emt 0:02:20]} g6 {[%emt 0:00:44]} 35. Bxf5 $2 {[%emt 0:01:19]} (35. c5 $18) 35... gxf5 {[%emt 0:00:10] [#]} 36. Kh2 {[%emt 0:00:33]} ({Better is} 36. Kh1 $1 $16) 36... Rg8 {[%emt 0:01:04]} 37. Qxf5 {[%emt 0:01:04]} Qxh4+ {[%emt 0:00:06]} 38. Qh3 {[%emt 0:00:04]} Qg5 {[%emt 0:00:11]} 39. Qf3 {[%emt 0:01:33]} Qh4+ $1 {[%emt 0:00:44]} 40. Qh3 {[%emt 0:00:00]} Qg5 {[%emt 0:00:10]} 41. Kh1 {[%emt 0:10:59]} Rg6 {[%emt 0:01:25]} 42. Qh2 $2 {[%emt 0:02:59]} ({White should play} 42. b4 $18) 42... Qe3 $14 {[%emt 0:01:38]} 43. Qh4 {[%emt 0:11:59]} 1/2-1/2

[Event "FRA-ch Youth 2017"]
[Site "Belfort"]
[Date "2017.04.19"]
[Round "5"]
[White "Bouvet, Florian"]
[Black "Jrade, Willis"]
[Result "1/2-1/2"]
[WhiteElo "2183"]
[BlackElo "2113"]
[Annotator "NA"]
[PlyCount "136"]
[EventDate "2017.??.??"]
[EventCountry "FRA"]
[SourceTitle "playchess.com"]
[Source "ChessBase"]
[SourceQuality "1"]
[TimeControl "5400+30"]

{[%evp 8,120,30,32767,11,10,17,22,52,33,49,45,56,39,68,44,77,73,84,52,63,53,32767,32767,40,30,42,32,41,4,8,32767,0,-13,7,15,28,32767,16,0,32767,-19,-4,0,0,0,0,32767,49,27,21,32767,32767,32767,32767,32767,32767,32767,13,20,26,32767,32767,0,32767,32767,32767,13,32767,8,32767,32767,32767,32767,32767,16,32767,32767,32767,32767,32767,32767,32767,32767,32767,32767,7,0,32767,4,32767,11,32767,25,32767,15,15,2,8,0,32767,11,14,32767,14,32767,32767,32767,14,32767,32767,0,10,8,0]} 1. e4 {[%emt 0:00:00]} c5 {[%emt 0:00:32]} 2. Nc3 {[%emt 0:00:01]} Nc6 {[%emt 0:00:39]} 3. Bb5 {[%emt 0:00:06]} Nd4 {[%emt 0:01:30]} 4. Nf3 {[%emt 0:00:12]} g6 {[%emt 0:01:35]} 5. O-O {[%emt 0:00:46]} Bg7 {[%emt 0:01:53]} 6. Nxd4 {[%emt 0:01:28]} cxd4 {[%emt 0:00:20]} 7. Ne2 {[%emt 0:00:10]} Qb6 {[%emt 0:10:04] LiveBook: 7 Games} 8. Bc4 {[%emt 0:00:49]} d6 {[%emt 0:01:07]} 9. d3 {[%emt 0:02:42]} Nf6 {[%emt 0:06:40]} 10. a4 {[%emt 0:00:14]} a5 {[%emt 0:03:44] B31: Sicilian: 2...Nc6 3 Bb5 g6} 11. Ra3 $146 {[%emt 0:02:23]} (11. c3 dxc3 12. bxc3 O-O 13. Be3 Qc7 14. f3 Bd7 15. Qb3 Bc6 16. Rfb1 e6 17. Bb5 Nd7 18. d4 {0-1 (42) Libiszewski,F (2425)-Flear,C (2257) Montpellier 2004}) 11... Nd7 {[%emt 0:06:58]} 12. c3 {[%emt 0:03:56]} dxc3 {[%emt 0:04:39]} 13. Nxc3 {[%emt 0:01:29]} O-O {[%emt 0:03:53]} 14. Nd5 {[%emt 0:02:39]} Qd8 {[%emt 0:00:48]} 15. Bg5 {[%emt 0:00:07]} Nf6 {[%emt 0:01:04]} 16. Bxf6 {[%emt 0:12:10]} Bxf6 {[%emt 0:03:04]} 17. Nxf6+ {[%emt 0:00:31]} exf6 {[%emt 0:00:01]} 18. Rb3 {[%emt 0:01:08]} Bd7 {[%emt 0:04:43]} 19. Bb5 {[%emt 0:05:52]} Be6 {[%emt 0:04:02]} 20. Rc3 {[%emt 0:02:24]} Qb6 {[%emt 0:05:17]} 21. Qf3 {[%emt 0:02:21]} Kg7 {[%emt 0:00:54]} 22. Rfc1 {[%emt 0:04:58]} Rac8 {[%emt 0:01:59]} 23. Qe2 {[%emt 0:02:57]} Qd4 {[%emt 0:06:11]} 24. Kf1 {[%emt 0:04:40]} Qe5 {[%emt 0:06:05]} 25. g3 {[%emt 0:00:44]} d5 {[%emt 0:03:36]} 26. f4 {[%emt 0:02:48]} Qd4 {[%emt 0:06:00]} 27. Qf2 {[%emt 0:01:06]} Qxf2+ {[%emt 0:03:14]} 28. Kxf2 {[%emt 0:00:03]} dxe4 {[%emt 0:00:18]} 29. Rxc8 {[%emt 0:02:41]} Rxc8 {[%emt 0:00:10]} 30. Rxc8 {[%emt 0:00:06]} Bxc8 {[%emt 0:00:01]} 31. dxe4 {[%emt 0:00:09]} Kf8 {[%emt 0:01:07]} 32. Ke3 {[%emt 0:00:36]} Ke7 {[%emt 0:01:18]} 33. Kd4 {[%emt 0:02:26]} b6 {[%emt 0:02:29]} 34. Bc4 {[%emt 0:03:52]} Be6 {[%emt 0:03:37]} 35. Bd5 {[%emt 0:01:36]} Bd7 {[%emt 0:02:17]} 36. b3 {[%emt 0:00:23]} f5 {[%emt 0:01:38]} 37. e5 {[%emt 0:00:33]} Be6 {[%emt 0:00:58]} 38. Bc4 {[%emt 0:03:19]} Kd7 {[%emt 0:01:10]} 39. Bb5+ {[%emt 0:00:48]} Kc7 {[%emt 0:00:21]} 40. Kc3 {[%emt 0:00:04]} Kb7 {[%emt 0:00:08]} 41. b4 {[%emt 0:00:27]} axb4+ {[%emt 0:00:36]} 42. Kxb4 {[%emt 0:00:01]} Kc7 {[%emt 0:01:08]} 43. Be8 {[%emt 0:03:31]} Kd8 {[%emt 0:00:38]} 44. Bc6 {[%emt 0:00:19]} Kc7 {[%emt 0:00:57]} 45. Bf3 {[%emt 0:00:05]} Bd7 {[%emt 0:00:42]} 46. Bd5 {[%emt 0:03:49]} Be6 {[%emt 0:01:39]} 47. Bf3 {[%emt 0:00:06]} Bd7 {[%emt 0:00:07]} 48. h4 {[%emt 0:00:25]} h6 {[%emt 0:01:37]} 49. h5 {[%emt 0:00:24]} Be6 {[%emt 0:00:13]} 50. Be2 {[%emt 0:04:24]} Kc6 {[%emt 0:00:53]} 51. Bb5+ {[%emt 0:00:29]} Kc7 {[%emt 0:00:37]} 52. hxg6 {[%emt 0:02:03]} fxg6 {[%emt 0:00:00]} 53. Bc4 {[%emt 0:00:12]} Bc8 {[%emt 0:01:06] [#]} 54. Bf7 {[%emt 0:02:33]} (54. e6 $1 $16 {[%cal Re6e7]} Bb7 55. e7) 54... g5 {[%emt 0:00:07]} 55. Kc4 {[%emt 0:00:47]} Kd8 {[%emt 0:00:47]} 56. Kb5 {[%emt 0:10:00]} Bd7+ {[%emt 0:00:29]} 57. Kxb6 {[%emt 0:00:05]} Bxa4 58. Be6 {[%emt 0:02:49]} Bd7 {[%emt 0:00:46]} 59. Bxd7 {[%emt 0:01:56]} Kxd7 {[%emt 0:00:01]} 60. Kc5 {[%emt 0:00:06]} Ke6 $11 {[%emt 0:00:04]} 61. Kd4 {[%emt 0:00:04]} g4 {[%emt 0:00:07]} 62. Ke3 {[%emt 0:01:33]} Kd5 {[%emt 0:00:12]} 63. Kd3 {[%emt 0:00:08]} h5 {[%emt 0:00:05]} 64. Ke3 {[%emt 0:00:04]} Ke6 {[%emt 0:00:05]} 65. Kd4 {[%emt 0:00:48]} Ke7 {[%emt 0:00:09]} 66. Ke3 {[%emt 0:00:42]} Ke6 {[%emt 0:00:04]} 67. Kd4 {[%emt 0:01:11]} Ke7 {[%emt 0:00:10]} 68. Kd3 {[%emt 0:00:35]} Ke6 {[%emt 0:00:06] Ke4 Kxe5+} 1/2-1/2